00880nab a22002177a 4500999001500000003000400015005001700019008004100036040000700077100002800084245009200112260007200204300001300276500003800289505008900327650002600416650002600442650003700468773014400505942001300649 c5710d5710OSt20251230233825.0190605e xxu||||| |||| 00| 0 spa d cPJ 94584aMansilla, Alberto10aNuevo artículo 29 de la LCT :bponiendo las cosas en su quicio / cAlberto Mansilla. aCiudad Autónoma de Buenos Aires :bThomson Reuters La Ley,c2024. ap. 53-55 aCita: TR LALEY AR/DOC/2037/2024  t¿Te interesa el texto completo? Solicitalo al correo: koha@justierradelfuego.gov.ar 091316aDERECHO LABORAL 091391aREFORMA LABORAL 091383aLEY DE CONTRATO DE TRABAJO0 0271193168dCiudad Autónoma de Buenos Aires : Thomson Reuters La Ley, 1999-2002.tRevista de derecho del trabajo. Nº 5 - Septiembre 2024 2udccANA